| 000 | 00528nam a22001817a 4500 | ||
|---|---|---|---|
| 003 | LK-CoDNM | ||
| 005 | 20231124112026.0 | ||
| 008 | 231124b |||||||| |||| 00| 0 eng d | ||
| 020 | _a9789553115669 | ||
| 040 |
_aLK-CoDNM _dLK-CoDNM _eLK-CoDNM |
||
| 041 | _asin | ||
| 080 |
_a92 _bබස්නා |
||
| 100 |
_aබස්නායක.රාජා.ටී. _vBasnayaka,Raja.T |
||
| 245 | _aදුක දිනා ජයගත් හපන්නු | ||
| 260 |
_aNugegoda _bSarasavi _c2020 |
||
| 300 | _a231p;21cm | ||
| 942 | _cBK | ||
| 999 |
_c143701 _d143701 |
||